000 00525nam a22002057a 4500
003 OSt
005 20140310182052.0
008 130822t xxu||||| |||| 00| 0 eng d
020 _a9780199133987
050 _aG 127
_b.C132 1998
082 _aHS 910
_bC44 1998
100 _aChapman, Simon
_912193
245 _aComplete Geography
_cSimm Chapma
260 _aOxford :
_bOxford University Press,
_cc1998.
300 _a256 p.
_bill. col.
_c28 cm.
562 _e1
942 _2lcc
_cHS
999 _c9022
_d9022